000 00369nam a2200133Ia 4500
005 20260328101506.0
008 260328s9999||||xx |||||||||||||| ||und||
100 _aBailby, Edouard
245 0 _aNiemeyer par lei-meme :
_b L'Architecte de Brasilia parle a Edouard Bailby /
_cEdouard Bailby
260 _bBalland
300 _a224 p.
650 _aARQUITECTOS
942 _cBK
999 _c9017
_d9017